Statistics for NFL All-Time Rushing Yards Leaders

Click here to take the quiz!

General Stats

  • This quiz has been taken 419 times
  • The average score is 9 of 15

Answer Stats

YardsAnswer% Correct
18,355Emmitt Smith
95%
15,269Barry Sanders
91%
16,726Walter Payton
84%
12,197ADRIAN PETERSON
78%
13,684LaDainian Tomlinson
74%
12,312Jim Brown
73%
13,259Eric Dickerson
67%
13,574FRANK GORE
67%
12,279Marshall Faulk
56%
13,662Jerome Bettis
48%
14,101Curtis Martin
43%
12,120Franco Harris
38%
12,243Marcus Allen
38%
12,246Edgerrin James
35%
12,739Tony Dorsett
33%

Score Distribution

Percentile by Number Answered

Percent of People with Each Score

Your Score History

You have not taken this quiz